Was ist lineare Programmierung?
Guardado en:
| Autor Principal: | |
|---|---|
| Formato: | Libro |
| Idioma: | German |
| Publicado: |
Leipzig :
Teubner,
1962.
|
| Materias: | |
| Etiquetas: |
Agregar Etiqueta
Sin Etiquetas, Sea el primero en etiquetar este registro!
|
| LEADER | 00547cam a2200181ua 4500 | ||
|---|---|---|---|
| 001 | MAT.inmabb005449 | ||
| 008 | 850624s1962####ge#a##########000#0#ger## | ||
| 005 | 20151116185416.0 | ||
| 245 | 1 | 0 | |a Was ist lineare Programmierung? |
| 260 | |a Leipzig : |b Teubner, |c 1962. | ||
| 300 | |a 108 p. : |b il. ; |c 19 cm. | ||
| 100 | 1 | |a Barsov, A. S. | |
| 240 | 1 | 0 | |a Chto takoe lineinoe programmirovanie. |l Alemán |
| 650 | 0 | |a Linear programming. | |
| 084 | |a 90-01 (90Cxx) |2 msc2000 | ||
| 010 | |a 63031233 | ||
| 040 | |a DLC |c CarP |d DLC | ||
| 859 | |h 90 |i B282a |p A-1652 |b BIB. MATEMATICA | ||
